000 00280nam a2200097Ia 4500
001 695423
005 20250826161952.0
008 250824s9999 xx 000 0 und d
245 0 _aVADİDEKİ ZAMBAK (ANTİK OKUL KLASİKLERİ)
_cHONORE DE BALZAC
260 _bANTİK DÜNYA KLASİKLERİ
999 _c695423
_d695423